Teória automatického riadenia 2/1 : Nelineárne riadiace obvody /
Guardado en:
| Autores principales: | , |
|---|---|
| Formato: | Libro |
| Lenguaje: | eslovaco |
| Publicado: |
Bratislava :
SVŠT v Bratislave,
1990
|
| Edición: | 2.vyd. |
| Etiquetas: |
Sin Etiquetas, Sea el primero en etiquetar este registro!
|
MARC
| LEADER | 00000nam a22000003a 4500 | ||
|---|---|---|---|
| 001 | stu1015 | ||
| 005 | 20150617225618.1 | ||
| 008 | 920113s1990----cs------------------slo-d | ||
| 040 | |a STU |b slo | ||
| 041 | 0 | |a slo | |
| 044 | |a cs | ||
| 080 | |a 681.511.4.01(075.8) |7 stu_us_auth*stu8079 | ||
| 100 | 1 | |a Hrivňák, Juraj |4 aut | |
| 245 | 1 | |a Teória automatického riadenia 2/1 : |b Nelineárne riadiace obvody / |c [aut.] Hrivňák,Juraj; Spurná,Nadežda | |
| 250 | |a 2.vyd. | ||
| 260 | |a Bratislava : |b SVŠT v Bratislave, |c 1990 | ||
| 300 | |a 194 s | ||
| 700 | 1 | |a Spurná, Nadežda |4 aut |u E110 |U FEI Fakulta elektrotechniky a informatiky |T FEI Katedra automatizácie a regulácie |U E110 |Y 594 | |
| 996 | |b E75088 |c E*75088 |l EE01 |s A |a 24 |w stu1015_0002 | ||